UBT Library

Warrior marks : (Record no. 43446)

000 -LEADER
fixed length control field 00799cam a2200265 a 4500
001 - CONTROL NUMBER
control field 1591814
005 - DATE AND TIME OF LATEST TRANSACTION
control field 20180226071303.0
008 - FIXED-LENGTH DATA ELEMENTS--GENERAL INFORMATION
fixed length control field 931213s1993 nyua 000 0 eng
010 ## - LIBRARY OF CONGRESS CONTROL NUMBER
LC control number 93242654
020 ## - INTERNATIONAL STANDARD BOOK NUMBER
International Standard Book Number 0151000611 :
Terms of availability $24.95
035 ## - SYSTEM CONTROL NUMBER
System control number LW
040 ## - CATALOGING SOURCE
Original cataloging agency DLC
Transcribing agency DLC
Modifying agency KyLoU
-- DLC
041 ## - LANGUAGE CODE
Language code of text/sound track or separate title eng
043 ## - GEOGRAPHIC AREA CODE
Geographic area code f------
080 ## - UNIVERSAL DECIMAL CLASSIFICATION NUMBER
Universal Decimal Classification number 392 WAL
082 00 - DEWEY DECIMAL CLASSIFICATION NUMBER
Classification number 392 WAL
Edition number 20
100 1# - Rafti
Rafti 50
101 ## - Shkurtesa
Shkurtesa SOC
245 10 - TITLE STATEMENT
Title Warrior marks :
Statement of responsibility, etc Alice Walker and Pratibha Parmar.
504 ## - BIBLIOGRAPHY, ETC. NOTE
Bibliography, etc Bibliography: p. 371-372.
740 0# - ADDED ENTRY--UNCONTROLLED RELATED/ANALYTICAL TITLE
Uncontrolled related/analytical title Female genital mutilation.
906 ## - LOCAL DATA ELEMENT F, LDF (RLIN)
a 7
b cbc
c orignew
d 2
e ncip
f 19
g y-gencatlg
942 ## - ADDED ENTRY ELEMENTS (KOHA)
Source of classification or shelving scheme
Item type Books
Holdings
Withdrawn status Lost status Source of classification or shelving scheme Damaged status Not for loan Collection code Permanent location Current location Shelving location Date acquired Total Checkouts Full call number Barcode Date last seen Price effective from Koha item type
          Koleksioni i përgjithshem UBT - Lipjan UBT - Lipjan Koleksioni i përgjithshem 02/26/2018   392 WAL 002-2999484 02/26/2018 02/26/2018 Books
UBT Library © 2015-2024. All rights reserved University Education for Business and Technology